00519nam a2200169Ia 450000500170000000800410001702000150005808200130007310000180008624500370010426000400014130000120018150000400019394200060023395200950023999900150033420250626015939.0240331s9999 xx 000 0 und d a9552009324 bABEa352 aAbesinghe,W.A 0aSri Lankawe solbary andu kramaya aColombobS. Godage & Brothersc1993 a71 p ., aSoul bury Constitution of Sri Lanka cL 001040708LaWERCLbWERCLcSSCd2024-03-31l0o 352 ABEp3476r2024-03-31w2024-03-31yL c5326d5326